[Event "Privolzhskogo FO-ch"]
[Site "Kazan"]
[Date "2009.01.27"]
[Round "7"]
[White "Sakharov, Lev"]
[Black "Zaynutdinov, Iskander"]
[Result "0-1"]
[WhiteElo "2057"]
[BlackElo "1904"]
[PlyCount "64"]
[EventDate "2009.01.21"]
[EventType "swiss"]
[EventRounds "9"]
[EventCountry "RUS"]
[SourceTitle "EXT 2010"]
[Source "ChessBase"]
[SourceDate "2010.11.25"]
[SourceVersion "1"]
[SourceVersionDate "2010.11.25"]
[SourceQuality "1"]

1. d4 Nf6 2. c4 e6 3. Nf3 b6 4. g3 Ba6 5. Qc2 c5 6. Bg2 Bb7 7. 0-0 Be7 8. Nc3 cxd4 9. Nxd4 Bxg2 10. Kxg2 0-0 11. e4 d6 12. b3 Qc7 13. Ba3 Rd8 14. Rad1 a6 15. f4 Nc6 16. Nf3 b5 17. Nd5 exd5 18. cxd5 Qa5 19. Bxd6 Ng4 20. Rfe1 Rxd6 21. dxc6 Rxd1 22. Qxd1 Qxa2+ 23. Re2 Ne3+ 24. Kg1 Nxd1 25. Rxa2 Nc3 26. Rc2 Nxe4 27. Ne5 b4 28. Ra2 Nc5 29. Kf1 Rc8 30. Nd7 Rxc6 31. Nb8 Rb6 32. Re2 Kf8 0-1

[Event "Privolzhskogo FO-ch"]
[Site "Kazan"]
[Date "2009.01.22"]
[Round "2"]
[White "Ioffe, Dmitry"]
[Black "Zaynutdinov, Iskander"]
[Result "1-0"]
[WhiteElo "2159"]
[BlackElo "1904"]
[PlyCount "107"]
[EventDate "2009.01.21"]
[EventType "swiss"]
[EventRounds "9"]
[EventCountry "RUS"]
[SourceTitle "EXT 2010"]
[Source "ChessBase"]
[SourceDate "2010.11.25"]
[SourceVersion "1"]
[SourceVersionDate "2010.11.25"]
[SourceQuality "1"]

1. e4 d6 2. d4 Nf6 3. Nc3 e5 4. Nf3 Nbd7 5. Bc4 Be7 6. 0-0 0-0 7. Qe2 c6 8. Rd1 b5 9. dxe5 dxe5 10. Nxe5 bxc4 11. Nxc6 Qe8 12. e5 Bc5 13. exf6 Qxe2 14. Nxe2 Nxf6 15. Ncd4 Bb7 16. Bf4 Rfe8 17. c3 Rad8 18. Re1 Be4 19. Rad1 Bd3 20. Nc6 Ng4 21. Ned4 Rc8 22. h3 Nf6 23. Ne5 Bxd4 24. Nxd3 Bxc3 25. bxc3 cxd3 26. Rxe8+ Rxe8 27. Rxd3 h6 28. Be3 Re7 29. Rd8+ Kh7 30. Ra8 Rc7 31. Bd4 Nd5 32. Rxa7 Rxa7 33. Bxa7 Nxc3 34. a3 Kg6 35. Kf1 f6 36. Ke1 Kf5 37. Bc5 Ke5 38. Bf8 g6 39. Bxh6 Kd4 40. Bg7 Nd5 41. g3 Kd3 42. Bf8 Nc3 43. Bc5 Kc4 44. Bb4 Nd5 45. Ke2 Nxb4 46. axb4 Kxb4 47. Ke3 Kc5 48. h4 Kd5 49. Kf4 Ke6 50. g4 Kf7 51. Ke4 Ke6 52. f4 f5+ 53. gxf5+ gxf5+ 54. Kd4 1-0